Tomáš Baťa - odvaha a inovatívnosť vo svete podnikania (manažérsky príbeh)
Historický vývoj firmy Tomáša Baťu. Tomáš Baťa a jeho začiatky. Baťova sústava riadenia. Zamestnanci a ich účasť na zisku. Samospráva dielní. Obchodná politika.
Na minha lista:
| Autor principal: | |
|---|---|
| Formato: | Capítulo de Livro |
| Idioma: | eslovaco |
| Assuntos: | |
| Tags: |
Sem tags, seja o primeiro a adicionar uma tag!
|
MARC
| LEADER | 00000naa a2200000 4500 | ||
|---|---|---|---|
| 001 | r048446 | ||
| 005 | 20230808082157.6 | ||
| 041 | 0 | |a slo | |
| 044 | |a SK | ||
| 245 | 1 | 0 | |a Tomáš Baťa - odvaha a inovatívnosť vo svete podnikania (manažérsky príbeh) |c Edith Nikolová |
| 520 | |a Historický vývoj firmy Tomáša Baťu. Tomáš Baťa a jeho začiatky. Baťova sústava riadenia. Zamestnanci a ich účasť na zisku. Samospráva dielní. Obchodná politika. | ||
| 610 | 2 | 0 | |a riadenie podnikové |
| 610 | 2 | 0 | |a podnik |
| 610 | 2 | 0 | |a história |
| 610 | 2 | 0 | |a podnikanie |
| 610 | 2 | 0 | |a priemysel obuvnícky |
| 610 | 2 | 0 | |a stratégia marketingová |
| 610 | 2 | 0 | |a Baťa, T. |
| 100 | 1 | |a Nikolová, Edith | |